[Event "España ch 2010 sub18"]
[Site "Linares ESP"]
[Date "2010.07.26"]
[Round "1.1"]
[White "Alonso Rosell, Alvar"]
[Black "Garro Beraza, Julen"]
[Result "1-0"]
[WhiteElo "2521"]
[BlackElo "1914"]
[PlyCount "55"]
[EventDate "2010.07.26"]
[EventType "swiss"]
[EventRounds "9"]
[EventCountry "ESP"]
[Source "lmi"]
[SourceDate "2010.07.26"]

1. d4 d6 2. Nf3 Nf6 3. g3 g6 4. Bg2 Bg7 5. O-O O-O 6. c4 Nbd7 7. Nc3 e5 8. b3
c6 9. e4 exd4 10. Nxd4 Re8 11. Re1 a6 12. h3 Qc7 13. Bf4 Ne5 14. Rc1 b6 15. Be3
Bb7 16. f4 Ned7 17. Bf2 Re7 18. b4 Rae8 19. b5 axb5 20. cxb5 c5 21. Nc6 Re6 22.
Qd2 Qc8 23. g4 Rf8 24. f5 Ree8 25. g5 Nh5 26. f6 Ndxf6 27. gxf6 Nxf6 28. Qxd6
1-0

[Event "España ch 2010 sub18"]
[Site "Linares ESP"]
[Date "2010.07.26"]
[Round "1.2"]
[White "Idiazabal Troyas, Aritz"]
[Black "Arribas Lopez, Angel"]
[Result "0-1"]
[WhiteElo "1913"]
[BlackElo "2442"]
[PlyCount "56"]
[EventDate "2010.07.26"]
[EventType "swiss"]
[EventRounds "9"]
[EventCountry "ESP"]
[Source "lmi"]
[SourceDate "2010.07.26"]

1. e4 c6 2. d4 d5 3. exd5 cxd5 4. Nc3 Nc6 5. Bf4 a6 6. Nf3 Bg4 7. Be2 e6 8. O-O
Nf6 9. Ne5 Bxe2 10. Nxc6 bxc6 11. Qxe2 Qb6 12. Qd3 Nd7 13. b3 Be7 14. Ne2 O-O
15. c4 dxc4 16. bxc4 Rfd8 17. Rab1 Qa5 18. Rb7 Nc5 19. Bd2 Qa4 20. Nc3 Qa3 21.
Qb1 Nxb7 22. Qxb7 Bf6 23. Rb1 Bxd4 24. Rb3 Qc5 25. Ne4 Qa7 26. Qxc6 Rac8 27.
Qa4 f5 28. Bg5 Bxf2+ 0-1

[Event "España ch 2010 sub18"]
[Site "Linares ESP"]
[Date "2010.07.26"]
[Round "1.3"]
[White "Espinosa Aranda, Angel"]
[Black "Olabe Odriozola, Eduardo"]
[Result "1-0"]
[WhiteElo "2397"]
[BlackElo "1912"]
[PlyCount "75"]
[EventDate "2010.07.26"]
[EventType "swiss"]
[EventRounds "9"]
[EventCountry "ESP"]
[Source "lmi"]
[SourceDate "2010.07.26"]

1. e4 c5 2. Nf3 d6 3. d4 cxd4 4. Nxd4 Nf6 5. Nc3 g6 6. Be3 Bg7 7. f3 O-O 8. Qd2
Nc6 9. O-O-O d5 10. Kb1 Nxd4 11. e5 Nf5 12. exf6 Bxf6 13. Nxd5 Qxd5 14. Qxd5
Nxe3 15. Qd2 Nxd1 16. Qxd1 Be6 17. Bd3 Rfd8 18. Qe1 Rd6 19. g4 h6 20. h4 Bd5
21. Qe3 Bg7 22. h5 g5 23. Be4 Bf6 24. Bxd5 Rxd5 25. a3 a6 26. Qe4 Rad8 27. Qc4
Rd4 28. Qc7 R8d7 29. Qc8+ Kg7 30. Re1 R4d5 31. Re3 Rd8 32. Qc4 Rd2 33. Qc7 R8d7
34. Qc8 R7d5 35. Rb3 Re5 36. Rxb7 Re1+ 37. Ka2 Rc1 38. Rb8 1-0

[Event "España ch 2010 sub18"]
[Site "Linares ESP"]
[Date "2010.07.26"]
[Round "1.4"]
[White "Marchena Hurtado, Ander"]
[Black "Forcen Esteban, Daniel"]
[Result "0-1"]
[WhiteElo "1902"]
[BlackElo "2379"]
[PlyCount "136"]
[EventDate "2010.07.26"]
[EventType "swiss"]
[EventRounds "9"]
[EventCountry "ESP"]
[Source "lmi"]
[SourceDate "2010.07.26"]

1. e4 c5 2. Nf3 e6 3. d4 cxd4 4. Nxd4 a6 5. Nc3 Qc7 6. Be2 Nf6 7. O-O Nc6 8.
Be3 Be7 9. f4 d6 10. Qe1 O-O 11. Qg3 Rd8 12. Rae1 Bd7 13. f5 Nxd4 14. Bxd4 e5
15. Be3 Kh8 16. Qf2 Rg8 17. Bg5 Bc6 18. Bxf6 Bxf6 19. Rd1 b5 20. a3 Rgd8 21.
Qe3 Rac8 22. Rf2 h6 23. Bf3 Bg5 24. Qe2 Qb6 25. Kh1 b4 26. axb4 Qxb4 27. Nd5
Qxb2 28. Qxa6 Bxd5 29. Rxd5 Rxc2 30. Rf1 Rf2 31. Rdd1 Rxf1+ 32. Rxf1 Be3 33.
Qc4 Qb7 34. Qd3 Bc5 35. Rb1 Qa7 36. Qd5 Rd7 37. Rf1 Qa6 38. Rd1 Ra7 39. Bh5 Qa4
40. Rb1 Qe8 41. Rf1 Qb5 42. Rd1 Qb2 43. Qc6 Qb8 44. Rf1 Kh7 45. Qd5 Qb5 46. Rd1
Qe8 47. Rf1 Qe7 48. Qd1 Qf6 49. Qd5 Bd4 50. Qb3 Rc7 51. Qd5 Be3 52. Qb3 Bd2 53.
Qd5 Bf4 54. g3 Be3 55. Qa5 Ra7 56. Qe1 Bd4 57. Qe2 Qg5 58. Qg4 Qf6 59. Qe2 Qd8
60. Qg4 Qf6 61. Qe2 Bc5 62. Rd1 Rb7 63. Qc4 Ra7 64. Qd5 Qg5 65. Bxf7 Qg4 66.
Bg6+ Kh8 67. Rf1 Ra1 68. Qd3 Rxf1+ 0-1

[Event "España ch 2010 sub18"]
[Site "Linares ESP"]
[Date "2010.07.26"]
[Round "1.5"]
[White "Pardo Simon, David"]
[Black "Arce Calva, Elvira"]
[Result "1-0"]
[WhiteElo "2354"]
[BlackElo "1901"]
[PlyCount "63"]
[EventDate "2010.07.26"]
[EventType "swiss"]
[EventRounds "9"]
[EventCountry "ESP"]
[Source "lmi"]
[SourceDate "2010.07.26"]

1. b3 d5 2. e3 Nf6 3. Bb2 Bf5 4. f4 e6 5. Nf3 h6 6. Be2 Be7 7. O-O O-O 8. h3
Ne4 9. Qe1 Bf6 10. Be5 Nd7 11. d3 Bxe5 12. Nxe5 Nd6 13. Nd2 c5 14. Nef3 Rc8 15.
g4 Bh7 16. c4 b5 17. cxb5 Nxb5 18. Rf2 a5 19. Rg2 Nc3 20. Bf1 Kh8 21. g5 h5 22.
Nh4 Bg6 23. Ndf3 d4 24. e4 Re8 25. Qg3 Bxe4 26. dxe4 Nxe4 27. Qe1 Nc3 28. Bd3
Nb6 29. Ne5 Rc7 30. g6 f6 31. Nf7+ Rxf7 32. gxf7 1-0

[Event "España ch 2010 sub18"]
[Site "Linares ESP"]
[Date "2010.07.26"]
[Round "1.6"]
[White "Canto Suplet, Adrian"]
[Black "Herrera Delgado, Alejandro"]
[Result "0-1"]
[WhiteElo "1900"]
[BlackElo "2316"]
[PlyCount "71"]
[EventDate "2010.07.26"]
[EventType "swiss"]
[EventRounds "9"]
[EventCountry "ESP"]
[Source "lmi"]
[SourceDate "2010.07.26"]

1. d4 Nf6 2. c4 c5 3. Nf3 cxd4 4. Nxd4 g6 5. Nc3 Bg7 6. e4 Nc6 7. Be3 O-O 8.
Be2 b6 9. O-O Bb7 10. f3 e6 11. Rc1 Qe7 12. Nxc6 Bxc6 13. e5 Ne8 14. f4 d6 15.
Bf3 Bxf3 16. Qxf3 Rd8 17. Qe4 dxe5 18. fxe5 Qc7 19. Bg5 Rd7 20. Bf6 Nxf6 21.
exf6 Bh6 22. Rcd1 Rfd8 23. Rxd7 Rxd7 24. b4 Qd8 25. Ne2 Rd2 26. c5 bxc5 27.
bxc5 Rxa2 28. Nd4 Ra4 29. Nxe6 Qe8 30. Qc2 Be3+ 31. Kh1 fxe6 32. c6 Rf4 33. Rb1
Bb6 34. Qe2 Qxc6 35. Qe5 Rf2 36. Qe1 0-1

[Event "España ch 2010 sub18"]
[Site "Linares ESP"]
[Date "2010.07.26"]
[Round "1.7"]
[White "Colon Garcia, Enrique"]
[Black "Boj Marques, Javier"]
[Result "1-0"]
[WhiteElo "2314"]
[BlackElo "1893"]
[PlyCount "95"]
[EventDate "2010.07.26"]
[EventType "swiss"]
[EventRounds "9"]
[EventCountry "ESP"]
[Source "lmi"]
[SourceDate "2010.07.26"]

1. e4 e6 2. d4 d5 3. Nd2 Nf6 4. e5 Nfd7 5. Bd3 c5 6. c3 cxd4 7. cxd4 Nc6 8. Ne2
Qb6 9. Nf3 f6 10. exf6 Nxf6 11. O-O Bd6 12. b3 e5 13. dxe5 Nxe5 14. Nxe5 Bxe5
15. Rb1 O-O 16. h3 Bd7 17. Be3 Qb4 18. Rc1 Rfc8 19. Bd2 Qb6 20. Bc3 Bxc3 21.
Rxc3 Rxc3 22. Nxc3 Rc8 23. Ne2 Bb5 24. Nd4 Bxd3 25. Qxd3 Qb4 26. Rd1 Re8 27.
Kf1 a6 28. Nf5 Qe4 29. Qxe4 dxe4 30. Ke2 g6 31. Ne3 Re7 32. Rd6 Ne8 33. Rd8 Kf7
34. Nd5 Re5 35. Ke3 Ke6 36. Rxe8+ Kxd5 37. Rd8+ Ke6 38. Rd4 Kf5 39. g4+ Kf6 40.
Rxe4 Ra5 41. Rf4+ Ke6 42. a4 b5 43. Re4+ Kd6 44. h4 bxa4 45. Rxa4 Re5+ 46. Kf4
a5 47. Rd4+ Rd5 48. Ke4 1-0

[Event "España ch 2010 sub18"]
[Site "Linares ESP"]
[Date "2010.07.26"]
[Round "1.8"]
[White "Romero Lopez, Cristina"]
[Black "Martin Fuentes, Alberto"]
[Result "0-1"]
[WhiteElo "1883"]
[BlackElo "2297"]
[PlyCount "46"]
[EventDate "2010.07.26"]
[EventType "swiss"]
[EventRounds "9"]
[EventCountry "ESP"]
[Source "lmi"]
[SourceDate "2010.07.26"]

1. e4 e6 2. Nf3 d5 3. exd5 exd5 4. d4 c5 5. c3 Nc6 6. Bd3 Nf6 7. h3 Be7 8. dxc5
Bxc5 9. O-O O-O 10. Nbd2 Bb6 11. Re1 Qc7 12. Nb3 Bxh3 13. Be3 Bg4 14. Nbd4 Nxd4
15. cxd4 Ba5 16. Rf1 Qd6 17. Be2 Ne4 18. Ne5 Bf5 19. Qb3 f6 20. Nf3 Bc7 21.
Rfc1 Rab8 22. Bd3 Rf7 23. Rc2 Bg4 0-1

[Event "España ch 2010 sub18"]
[Site "Linares ESP"]
[Date "2010.07.26"]
[Round "1.9"]
[White "Chueca Forcen, Alberto"]
[Black "Pablos Tenrero, Raquel"]
[Result "1-0"]
[WhiteElo "2280"]
[BlackElo "1868"]
[PlyCount "53"]
[EventDate "2010.07.26"]
[EventType "swiss"]
[EventRounds "9"]
[EventCountry "ESP"]
[Source "lmi"]
[SourceDate "2010.07.26"]

1. d4 d5 2. c4 c6 3. Nf3 Nf6 4. Nc3 e6 5. Bg5 Nbd7 6. e3 Qa5 7. Be2 Ne4 8. O-O
Nxc3 9. bxc3 Qxc3 10. Rc1 Qa5 11. cxd5 cxd5 12. Qc2 f6 13. Bh4 Be7 14. e4 O-O
15. exd5 exd5 16. Bd3 h6 17. Qe2 Rf7 18. Bg6 Nf8 19. Bxf7+ Kxf7 20. Bg3 Be6 21.
Rc7 Qb4 22. Qc2 b6 23. Rb1 Qa5 24. Bd6 Bd7 25. Bxe7 Kxe7 26. Re1+ Kf7 27. Qc6
1-0

[Event "España ch 2010 sub18"]
[Site "Linares ESP"]
[Date "2010.07.26"]
[Round "1.10"]
[White "Portela Gonzalez, Adrian"]
[Black "Fernandez Garcia, Jose Miguel"]
[Result "1-0"]
[WhiteElo "1857"]
[BlackElo "2252"]
[PlyCount "55"]
[EventDate "2010.07.26"]
[EventType "swiss"]
[EventRounds "9"]
[EventCountry "ESP"]
[Source "lmi"]
[SourceDate "2010.07.26"]

1. e4 c5 2. Nf3 e6 3. d4 cxd4 4. Nxd4 a6 5. Nc3 b5 6. Bd3 Bb7 7. Qe2 Qb6 8. Nb3
Qc7 9. Be3 Nf6 10. f3 d5 11. exd5 Nxd5 12. Nxd5 Bxd5 13. O-O-O Be7 14. Qf2 Nd7
15. Qg3 Qxg3 16. hxg3 Ne5 17. Be2 O-O 18. Rh5 Nc4 19. Bd4 a5 20. Bd3 h6 21.
Rdh1 Rfd8 22. a3 g6 23. R5h3 a4 24. Nd2 Bg5 25. f4 Bxg2 26. fxg5 h5 27. Bf6 Rd7
28. Rxh5 1-0

[Event "España ch 2010 sub18"]
[Site "Linares ESP"]
[Date "2010.07.26"]
[Round "1.11"]
[White "Coll Ortega, Jordi"]
[Black "Garcia Perez, Javier"]
[Result "1-0"]
[WhiteElo "2248"]
[BlackElo "1849"]
[PlyCount "51"]
[EventDate "2010.07.26"]
[EventType "swiss"]
[EventRounds "9"]
[EventCountry "ESP"]
[Source "lmi"]
[SourceDate "2010.07.26"]

1. c4 c5 2. Nc3 Nc6 3. Nf3 g6 4. e3 Bg7 5. d4 d6 6. Be2 Nf6 7. O-O O-O 8. d5
Ne5 9. Ne1 a6 10. f4 Ned7 11. e4 Rb8 12. a4 Qc7 13. Nf3 Re8 14. Kh1 Nf8 15. Bd3
e5 16. dxe6 Bxe6 17. f5 Bd7 18. Bg5 Bc6 19. Qc2 N8d7 20. Nd5 Bxd5 21. exd5 Ng4
22. Rae1 Nge5 23. Be2 Qa5 24. Nd2 b5 25. cxb5 axb5 26. Bxb5 1-0

[Event "España ch 2010 sub18"]
[Site "Linares ESP"]
[Date "2010.07.26"]
[Round "1.12"]
[White "Alemany Jara, Alejandro"]
[Black "Alcaraz Ortega, Javier"]
[Result "0-1"]
[WhiteElo "1847"]
[BlackElo "2242"]
[PlyCount "40"]
[EventDate "2010.07.26"]
[EventType "swiss"]
[EventRounds "9"]
[EventCountry "ESP"]
[Source "lmi"]
[SourceDate "2010.07.26"]

1. d4 g6 2. Nf3 Bg7 3. Bf4 d6 4. e3 Nf6 5. c3 O-O 6. Nbd2 b6 7. Bd3 Bb7 8. h4
Re8 9. h5 e5 10. dxe5 dxe5 11. Nxe5 Rxe5 12. Bxe5 Qxd3 13. hxg6 hxg6 14. Rg1
Na6 15. Nb3 Qf5 16. Bf4 Nd5 17. Bg3 Nxc3 18. bxc3 Bxc3+ 19. Nd2 Nb4 20. Rb1
Nc2+ 0-1

[Event "España ch 2010 sub18"]
[Site "Linares ESP"]
[Date "2010.07.26"]
[Round "1.13"]
[White "Marcos Pinto, Luis"]
[Black "Romero Diez, Sandra"]
[Result "1/2-1/2"]
[WhiteElo "2240"]
[BlackElo "1845"]
[PlyCount "123"]
[EventDate "2010.07.26"]
[EventType "swiss"]
[EventRounds "9"]
[EventCountry "ESP"]
[Source "lmi"]
[SourceDate "2010.07.26"]

1. e4 e5 2. Nf3 Nc6 3. Bc4 Bc5 4. c3 Nf6 5. d3 a6 6. O-O Ba7 7. Be3 O-O 8. Nbd2
d6 9. b4 Be6 10. a4 d5 11. Bxa7 Nxa7 12. exd5 Nxd5 13. Qc2 b5 14. Bxd5 Qxd5 15.
c4 Qd6 16. Ne4 Qxb4 17. Rfb1 Qe7 18. axb5 axb5 19. cxb5 Bd5 20. Qc5 Qxc5 21.
Nxc5 Nxb5 22. Rxa8 Rxa8 23. Nxe5 c6 24. h3 h6 25. Ng4 Nc3 26. Re1 Ra2 27. Ne3
Ne2+ 28. Kh2 Nd4 29. Kg3 Ne2+ 30. Kh2 Nd4 31. Nxd5 cxd5 32. Re5 Rxf2 33. Rxd5
Ne6 34. Nxe6 fxe6 35. Rd7 Kf8 36. Kg3 Rd2 37. Kf3 Kg8 38. g3 Rd1 39. Ke4 Re1+
40. Kf4 Kh7 41. d4 Kg6 42. h4 Kf6 43. Rb7 Rd1 44. Ke4 Re1+ 45. Kf3 Rd1 46. Rb4
g6 47. Ke2 Rg1 48. Rb3 Ra1 49. Rf3+ Ke7 50. Ke3 Re1+ 51. Kf4 Rd1 52. Ke4 Re1+
53. Re3 Rf1 54. Ke5 Rf5+ 55. Ke4 Rf1 56. Re2 Rg1 57. Kf4 Rd1 58. Ke5 Rf1 59. g4
Rh1 60. Ra2 Re1+ 61. Kf4 Rf1+ 62. Ke5 1/2-1/2

[Event "España ch 2010 sub18"]
[Site "Linares ESP"]
[Date "2010.07.26"]
[Round "1.14"]
[White "Valiña Martinez, Ramiro"]
[Black "Cruz Lledo, Pablo"]
[Result "0-1"]
[WhiteElo "1842"]
[BlackElo "2239"]
[PlyCount "66"]
[EventDate "2010.07.26"]
[EventType "swiss"]
[EventRounds "9"]
[EventCountry "ESP"]
[Source "lmi"]
[SourceDate "2010.07.26"]

1. c4 c6 2. e4 d5 3. cxd5 cxd5 4. exd5 Nf6 5. Nc3 Nxd5 6. Nf3 g6 7. Bb5+ Bd7 8.
Qb3 Nxc3 9. Bxd7+ Qxd7 10. bxc3 Bg7 11. O-O O-O 12. Rb1 b6 13. d4 Nc6 14. Re1
Rfe8 15. Bf4 Rac8 16. Ng5 Qf5 17. Bd2 e5 18. Ne4 Qd7 19. d5 Na5 20. Qb5 Qxb5
21. Rxb5 Nc4 22. Bc1 h6 23. g4 Red8 24. Rd1 f5 25. gxf5 gxf5 26. Ng3 Nd6 27.
Rb3 f4 28. Ne2 Kf7 29. Kf1 Bf6 30. a4 Nc4 31. Ng1 Na5 32. Ra3 Rc5 33. d6 Rc6
0-1

[Event "España ch 2010 sub18"]
[Site "Linares ESP"]
[Date "2010.07.26"]
[Round "1.15"]
[White "Bendayan Claros, Aaron"]
[Black "Fuertes Romo, Jose Manuel"]
[Result "0-1"]
[WhiteElo "2229"]
[BlackElo "1837"]
[PlyCount "96"]
[EventDate "2010.07.26"]
[EventType "swiss"]
[EventRounds "9"]
[EventCountry "ESP"]
[Source "lmi"]
[SourceDate "2010.07.26"]

1. g3 Nf6 2. c4 g6 3. Bg2 Bg7 4. Nc3 O-O 5. d3 d6 6. e3 e5 7. Nge2 Nc6 8. O-O
Be6 9. Nd5 Rb8 10. Rb1 Ne7 11. Nec3 c6 12. Nxe7+ Qxe7 13. b4 d5 14. cxd5 cxd5
15. Qa4 Rfc8 16. Bd2 a6 17. Qa5 d4 18. exd4 exd4 19. Ne4 Nxe4 20. Bxe4 Rc2 21.
Bf4 Rbc8 22. a3 Qd7 23. h4 h6 24. Rfe1 Ra2 25. Rbc1 Rcc2 26. Rxc2 Rxc2 27. Bc1
Qc8 28. Bf4 Qd7 29. Bf3 Rc3 30. Be4 Rc2 31. Rc1 Rxc1+ 32. Bxc1 Qc8 33. Bf4 Bd7
34. Qd5 Bc6 35. Qc4 Qe8 36. f3 Bxe4 37. dxe4 Qa4 38. Kf2 Qxa3 39. Bd2 Qa1 40.
f4 Qh1 41. Qe2 Qh2+ 42. Kf3 Qh1+ 43. Kf2 Qh2+ 44. Kf3 Qh1+ 45. Kg4 h5+ 46. Kg5
Kh7 47. e5 Qb1 48. g4 f6+ 0-1

[Event "España ch 2010 sub18"]
[Site "Linares ESP"]
[Date "2010.07.26"]
[Round "2.1"]
[White "Hernandez Muñoz, Antonio Ramon"]
[Black "Alonso Rosell, Alvar"]
[Result "1/2-1/2"]
[WhiteElo "2108"]
[BlackElo "2521"]
[PlyCount "68"]
[EventDate "2010.07.26"]
[EventType "swiss"]
[EventRounds "9"]
[EventCountry "ESP"]
[Source "lmi"]
[SourceDate "2010.07.26"]

1. Nf3 d5 2. g3 c6 3. Bg2 Bf5 4. O-O e6 5. d3 h6 6. Nbd2 Nf6 7. b3 Be7 8. Bb2
O-O 9. c4 a5 10. a3 Bh7 11. Qc2 Na6 12. Rfc1 Re8 13. Ne5 Nd7 14. Nxd7 Qxd7 15.
Bc3 Nc5 16. Qb2 Bf8 17. d4 Ne4 18. Nxe4 Bxe4 19. Bxe4 dxe4 20. e3 b5 21. Qd2 a4
22. b4 f5 23. Qe2 Be7 24. Bb2 Kh7 25. Rc2 Bf6 26. Rd1 Red8 27. Rdd2 Rab8 28.
Kg2 Qf7 29. Kg1 Rb7 30. Rc1 Rb6 31. Rcc2 g5 32. cxb5 cxb5 33. Rc5 Qd7 34. Rdc2
Kg6 1/2-1/2

[Event "España ch 2010 sub18"]
[Site "Linares ESP"]
[Date "2010.07.26"]
[Round "2.2"]
[White "Arribas Lopez, Angel"]
[Black "Moral Garcia, Serafin"]
[Result "1-0"]
[WhiteElo "2442"]
[BlackElo "2084"]
[PlyCount "99"]
[EventDate "2010.07.26"]
[EventType "swiss"]
[EventRounds "9"]
[EventCountry "ESP"]
[Source "lmi"]
[SourceDate "2010.07.26"]

1. c4 c5 2. Nc3 Nc6 3. g3 g6 4. Bg2 Bg7 5. Nf3 Nf6 6. O-O O-O 7. d4 cxd4 8.
Nxd4 Nxd4 9. Qxd4 d6 10. Qd2 Re8 11. b3 Qa5 12. Bb2 Qh5 13. Rfd1 Ng4 14. h3 Nf6
15. Nb5 Bxh3 16. Bxb7 Rab8 17. Bf3 Bg4 18. Qe3 Bxf3 19. exf3 Rxb5 20. cxb5 Qxb5
21. Qxa7 Qe2 22. Rab1 Qxf3 23. b4 h5 24. Qe3 Qf5 25. Bxf6 Bxf6 26. b5 h4 27. b6
hxg3 28. fxg3 Bg5 29. Qd3 Qc5+ 30. Kg2 Rb8 31. b7 Qc6+ 32. Qd5 Qc2+ 33. Kf3 e5
34. Rf1 Kg7 35. Rbe1 f5 36. Re2 e4+ 37. Kf2 Qc7 38. Rb1 Qc3 39. Rb3 Qc1 40.
Qd4+ Kh7 41. Kg2 Qc6 42. Qb6 Qc4 43. Qb5 Qe6 44. Qc6 Qf7 45. Rc2 f4 46. gxf4
Bxf4 47. Qxe4 d5 48. Rh3+ Bh6 49. Qe3 Qg7 50. Rxh6+ 1-0

[Event "España ch 2010 sub18"]
[Site "Linares ESP"]
[Date "2010.07.26"]
[Round "2.3"]
[White "Vila Gonzalez, Daniel"]
[Black "Espinosa Aranda, Angel"]
[Result "1/2-1/2"]
[WhiteElo "2094"]
[BlackElo "2397"]
[PlyCount "57"]
[EventDate "2010.07.26"]
[EventType "swiss"]
[EventRounds "9"]
[EventCountry "ESP"]
[Source "lmi"]
[SourceDate "2010.07.26"]

1. e4 c5 2. Nf3 Nc6 3. d4 cxd4 4. Nxd4 g6 5. Nc3 Bg7 6. Be3 Nf6 7. Bc4 O-O 8.
Bb3 a5 9. a4 Ng4 10. Nxc6 Nxe3 11. Nxd8 Nxd1 12. Rxd1 Bxc3+ 13. bxc3 Rxd8 14.
Rd4 Ra6 15. Kd2 Kf8 16. h4 h5 17. Rh3 d6 18. Rf3 e6 19. e5 Ke7 20. Bc4 Rb6 21.
Bb5 Bd7 22. exd6+ Ke8 23. Bxd7+ Rxd7 24. Rfd3 Rc6 25. Ke3 f6 26. f4 Kf7 27. c4
b6 28. Ke4 Kg7 29. Ke3 1/2-1/2

[Event "España ch 2010 sub18"]
[Site "Linares ESP"]
[Date "2010.07.26"]
[Round "2.4"]
[White "Forcen Esteban, Daniel"]
[Black "Arregui Untoria, Carlos"]
[Result "1-0"]
[WhiteElo "2379"]
[BlackElo "2045"]
[PlyCount "57"]
[EventDate "2010.07.26"]
[EventType "swiss"]
[EventRounds "9"]
[EventCountry "ESP"]
[Source "lmi"]
[SourceDate "2010.07.26"]

1. e4 c5 2. Nf3 e6 3. b3 d5 4. exd5 exd5 5. Be2 Bd6 6. O-O Nf6 7. d4 O-O 8.
dxc5 Bxc5 9. Nc3 h6 10. a3 Nc6 11. b4 Bd6 12. Bb2 Bf5 13. Nb5 Bb8 14. Nbd4 Be4
15. Qd2 a6 16. Rfd1 Qc7 17. g3 Ba7 18. Nxc6 Qxc6 19. Rac1 b5 20. Nd4 Qd7 21. f3
Bg6 22. Kg2 Rfe8 23. Bd3 Bxd3 24. Qxd3 h5 25. Nf5 Re6 26. Qd2 g6 27. Kh1 d4 28.
Bxd4 Rae8 29. Qh6 1-0

[Event "España ch 2010 sub18"]
[Site "Linares ESP"]
[Date "2010.07.26"]
[Round "2.5"]
[White "Alvarado Diaz, Alejandro"]
[Black "Pardo Simon, David"]
[Result "1/2-1/2"]
[WhiteElo "2068"]
[BlackElo "2354"]
[PlyCount "117"]
[EventDate "2010.07.26"]
[EventType "swiss"]
[EventRounds "9"]
[EventCountry "ESP"]
[Source "lmi"]
[SourceDate "2010.07.26"]

1. d4 Nf6 2. c4 e6 3. Nf3 b6 4. g3 Ba6 5. Qc2 Bb7 6. Bg2 c5 7. d5 exd5 8. cxd5
Bxd5 9. Nc3 Bb7 10. e4 d6 11. O-O Be7 12. Rd1 Qc8 13. Nh4 Nc6 14. Nf5 Nd4 15.
Nxd4 cxd4 16. Qa4+ Bc6 17. Qxd4 O-O 18. Bf4 Rd8 19. Rac1 Qb7 20. Nd5 Nxd5 21.
exd5 Be8 22. Bh3 Bf6 23. Qb4 a5 24. Qd2 Bb5 25. Rc2 Qe7 26. Re1 Qf8 27. Be3
Rab8 28. b3 a4 29. Qb4 axb3 30. axb3 Bd3 31. Rd2 Bg6 32. Rc1 Re8 33. Rc6 Ra8
34. Rd1 Be4 35. Bg2 Bxg2 36. Kxg2 Qe7 37. Rxb6 Be5 38. Bf4 Bxf4 39. Qxf4 Ra2
40. Rd3 g5 41. Qf5 Re2 42. Rc6 h5 43. Rc8 Rxc8 44. Qxc8+ Kg7 45. Qc3+ Qf6 46.
Qxf6+ Kxf6 47. Rf3+ Kg6 48. b4 Rb2 49. Rc3 Kf6 50. Rc6 Ke5 51. Rc7 f6 52. Rh7
Kxd5 53. Rxh5 Ke6 54. h4 Rxb4 55. hxg5 Rb5 56. f4 fxg5 57. Kh3 Kf6 58. Kg4 Kg6
59. Rxg5+ 1/2-1/2

[Event "España ch 2010 sub18"]
[Site "Linares ESP"]
[Date "2010.07.26"]
[Round "2.6"]
[White "Herrera Delgado, Alejandro"]
[Black "Jimenez Capilla, Martin R"]
[Result "1-0"]
[WhiteElo "2316"]
[BlackElo "2038"]
[PlyCount "105"]
[EventDate "2010.07.26"]
[EventType "swiss"]
[EventRounds "9"]
[EventCountry "ESP"]
[Source "lmi"]
[SourceDate "2010.07.26"]

1. e4 c5 2. Nf3 d6 3. d4 cxd4 4. Nxd4 Nf6 5. Nc3 g6 6. Be3 Bg7 7. f3 O-O 8. Qd2
Nc6 9. Bc4 Bd7 10. O-O-O Rc8 11. Bb3 Nxd4 12. Bxd4 b5 13. Nd5 Nxd5 14. Bxg7
Kxg7 15. exd5 a5 16. a3 Qb6 17. Rhe1 a4 18. Ba2 Bf5 19. c3 Rc7 20. g4 Bc8 21.
Kb1 Bb7 22. Re3 Qc5 23. Rde1 Re8 24. Ka1 Ba8 25. f4 h6 26. h4 Bb7 27. f5 Bc8
28. fxg6 fxg6 29. Qg2 Bb7 30. h5 e5 31. Qe4 Rf7 32. Qxg6+ Kf8 33. Qxh6+ Ke7 34.
g5 Bxd5 35. Rxe5+ dxe5 36. Rxe5+ Kd7 37. Rxd5+ Qxd5 38. Bxd5 Re1+ 39. Ka2 Rff1
40. Qc6+ Kd8 41. Qd6+ Ke8 42. Bc6+ Kf7 43. Qd7+ Kf8 44. Qd8+ Kg7 45. Qd4+ Kf8
46. Qh8+ Ke7 47. Qe8+ Kd6 48. Qxe1 Rxe1 49. Bxb5 Re4 50. h6 Ke7 51. g6 Kf6 52.
g7 Kf7 53. Bc6 1-0

[Event "España ch 2010 sub18"]
[Site "Linares ESP"]
[Date "2010.07.26"]
[Round "2.7"]
[White "Collado Barbas, Laura"]
[Black "Colon Garcia, Enrique"]
[Result "0-1"]
[WhiteElo "2051"]
[BlackElo "2314"]
[PlyCount "94"]
[EventDate "2010.07.26"]
[EventType "swiss"]
[EventRounds "9"]
[EventCountry "ESP"]
[Source "lmi"]
[SourceDate "2010.07.26"]

1. d4 Nf6 2. c4 e6 3. Nc3 Bb4 4. Qc2 O-O 5. a3 Bxc3+ 6. Qxc3 b6 7. Bg5 Ba6 8.
e3 d6 9. Ne2 Nbd7 10. Qc2 h6 11. Bf4 Qe7 12. Rd1 Nh5 13. Bg3 Bb7 14. Nc3 f5 15.
f3 Nxg3 16. hxg3 Nf6 17. Bd3 c5 18. dxc5 bxc5 19. O-O d5 20. cxd5 exd5 21. Rfe1
g6 22. Qf2 Rad8 23. Bb1 Kh7 24. Rd2 Rfe8 25. Rdd1 Bc6 26. Ne2 Qxe3 27. Nf4
Qxf2+ 28. Kxf2 Rb8 29. Rxe8 Rxe8 30. g4 Rb8 31. gxf5 Rxb2+ 32. Kg1 g5 33. Nd3
Rb3 34. Nxc5 Rxa3 35. Re1 Ra1 36. Kf2 a5 37. Re7+ Kg8 38. Bd3 Rc1 39. Ne6 a4
40. Rg7+ Kh8 41. Rg6 Ng8 42. Nd4 a3 43. Nxc6 a2 44. Nd8 a1=Q 45. Nf7+ Kh7 46.
f6 Qd4+ 47. Ke2 Qxd3+ 0-1

[Event "España ch 2010 sub18"]
[Site "Linares ESP"]
[Date "2010.07.26"]
[Round "2.8"]
[White "Martin Fuentes, Alberto"]
[Black "Triadu Cassa, Jordi"]
[Result "1-0"]
[WhiteElo "2297"]
[BlackElo "2025"]
[PlyCount "83"]
[EventDate "2010.07.26"]
[EventType "swiss"]
[EventRounds "9"]
[EventCountry "ESP"]
[Source "lmi"]
[SourceDate "2010.07.26"]

1. e4 e5 2. Nc3 Nf6 3. Bc4 Nc6 4. d3 Na5 5. Nge2 Be7 6. O-O d6 7. a4 Nxc4 8.
dxc4 Be6 9. b3 O-O 10. Qd3 Nd7 11. Ng3 Bh4 12. f4 exf4 13. Bxf4 Ne5 14. Qd2
Bxg3 15. Bxg3 f6 16. Ne2 Qd7 17. Nd4 Rae8 18. Rad1 Nc6 19. Nb5 a6 20. Nxc7 Qxc7
21. Bxd6 Qf7 22. Bxf8 Qxf8 23. Qe3 Qb4 24. h3 Qa5 25. c5 Rd8 26. Kh1 Qc7 27.
Rxd8+ Qxd8 28. Qg3 Qd4 29. Kh2 a5 30. Rf2 Qe5 31. Qxe5 Nxe5 32. Rd2 Nd7 33. c6
bxc6 34. Rd6 Kf7 35. Rxc6 Ke7 36. Ra6 Nc5 37. Rxa5 Nxe4 38. Ra7+ Bd7 39. a5 Kd6
40. b4 Nc3 41. a6 Nb5 42. Rb7 1-0

[Event "España ch 2010 sub18"]
[Site "Linares ESP"]
[Date "2010.07.26"]
[Round "2.9"]
[White "Colom Sienes, Eduardo"]
[Black "Chueca Forcen, Alberto"]
[Result "0-1"]
[WhiteElo "2042"]
[BlackElo "2280"]
[PlyCount "68"]
[EventDate "2010.07.26"]
[EventType "swiss"]
[EventRounds "9"]
[EventCountry "ESP"]
[Source "lmi"]
[SourceDate "2010.07.26"]

1. e4 Nf6 2. e5 Nd5 3. Nc3 Nxc3 4. bxc3 d5 5. d4 Bf5 6. Rb1 Qc8 7. Bd3 Bxd3 8.
Qxd3 a6 9. Ba3 g6 10. Ne2 b5 11. O-O e6 12. Bxf8 Rxf8 13. a4 c6 14. g4 Nd7 15.
f4 Qc7 16. f5 O-O-O 17. f6 Nb6 18. axb5 cxb5 19. Rb4 Qc6 20. Ra1 Nc4 21. Rab1
Kc7 22. Nc1 Rh8 23. Nb3 a5 24. Nxa5 Nxa5 25. Ra1 Kb6 26. c4 dxc4 27. Qc3 Qd5
28. Rab1 Qxd4+ 29. Qxd4+ Rxd4 30. Rxb5+ Ka6 31. Rb6+ Ka7 32. R6b4 Rhd8 33. Kf2
c3 34. Rb5 R4d5 0-1